[Event "Wch Seniors 50 26th"]
[Site "Marianske Lazne"]
[Date "2016.11.19"]
[Round "1"]
[White "Giulian Jackson, Rosemary"]
[Black "Barle, Janez"]
[Result "1/2-1/2"]
[WhiteElo "1932"]
[BlackElo "2303"]
[PlyCount "64"]
[EventDate "2016.11.19"]
[EventType "swiss"]
[EventRounds "11"]
[EventCountry "CZE"]
[SourceTitle "CBM 175 Extra"]
[Source "ChessBase"]
[SourceDate "2016.12.12"]
[SourceVersion "1"]
[SourceVersionDate "2016.12.12"]
[SourceQuality "1"]

1. e4 c5 2. c3 d5 3. exd5 Qxd5 4. d4 e6 5. Nf3 cxd4 6. cxd4 Nf6 7. Bd3 Nc6 8. 0-0 Be7 9. Nc3 Qd6 10. Be3 0-0 11. Rc1 Rd8 12. Bb1 Bd7 13. Qe2 Rac8 14. Rfd1 Nd5 15. Qd3 f5 16. Nxd5 Qxd5 17. a3 Na5 18. Bg5 Bxg5 19. Nxg5 h6 20. Nf3 Bb5 21. Qe3 Nc4 22. Qb3 Qd7 23. Re1 Ba4 24. Qa2 Na5 25. Rxc8 Rxc8 26. Bxf5 Bb3 27. Qxb3 Nxb3 28. Bxe6+ Qxe6 29. Rxe6 Nxd4 30. Re1 Nxf3+ 31. gxf3 Rc2 32. b4 Kf7 1/2-1/2

[Event "SCO-ch 123rd"]
[Site "Glasgow"]
[Date "2016.07.16"]
[Round "8"]
[White "Giulian Jackson, Rosemary"]
[Black "Orr, Mark JL"]
[Result "1/2-1/2"]
[WhiteElo "1877"]
[BlackElo "2166"]
[PlyCount "56"]
[EventDate "2016.07.09"]
[EventType "swiss"]
[EventRounds "9"]
[EventCountry "SCO"]
[SourceTitle "CBM 173 Extra"]
[Source "ChessBase"]
[SourceDate "2016.08.29"]
[SourceVersion "1"]
[SourceVersionDate "2016.08.29"]
[SourceQuality "1"]

1. e4 c6 2. d4 d5 3. e5 Bf5 4. Nd2 e6 5. Nb3 Nd7 6. Nf3 h6 7. Be2 Ne7 8. 0-0 Bh7 9. a4 Nc8 10. a5 Be7 11. a6 b5 12. Na5 Qc7 13. b3 Ncb6 14. c4 bxc4 15. bxc4 dxc4 16. Nxc4 Nxc4 17. Bxc4 0-0 18. Bd3 Bxd3 19. Qxd3 Nb6 20. Qe4 Nd5 21. g4 Rab8 22. g5 h5 23. Ba3 Rb3 24. Bxe7 Nxe7 25. Rfb1 Rfb8 26. Nd2 Rxb1+ 27. Rxb1 Rxb1+ 28. Qxb1 Nd5 1/2-1/2

[Event "SCO-ch 123rd"]
[Site "Glasgow"]
[Date "2016.07.10"]
[Round "2"]
[White "Giulian Jackson, Rosemary"]
[Black "Abrahams, Daniel"]
[Result "0-1"]
[WhiteElo "1877"]
[BlackElo "2075"]
[PlyCount "90"]
[EventDate "2016.07.09"]
[EventType "swiss"]
[EventRounds "9"]
[EventCountry "SCO"]
[SourceTitle "CBM 173 Extra"]
[Source "ChessBase"]
[SourceDate "2016.08.29"]
[SourceVersion "1"]
[SourceVersionDate "2016.08.29"]
[SourceQuality "1"]

1. e4 c5 2. c3 Nf6 3. e5 Nd5 4. d4 cxd4 5. Nf3 e6 6. cxd4 d6 7. a3 Bd7 8. Bd3 Bc6 9. 0-0 Nd7 10. Qe2 Be7 11. Bd2 Rc8 12. Nc3 Nxc3 13. Bxc3 0-0 14. Rac1 Re8 15. Rfd1 Qb6 16. Bc2 Nf8 17. exd6 Bxd6 18. Ne5 Bd5 19. Qd3 Red8 20. Qh3 Rc7 21. Re1 Rdc8 22. Re3 f6 23. Ng4 Bf4 24. Nxf6+ gxf6 25. Qg4+ Bg5 26. h4 Rg7 27. hxg5 Rxg5 28. Qh4 Rxg2+ 29. Kf1 Ng6 30. Rg3 Rxg3 31. Qxg3 Kg7 32. Ke2 f5 33. Rg1 Qc7 34. Qh3 Qf4 35. Bd3 Qh6 36. Qg3 Kf6 37. Bd2 Qh5+ 38. f3 Kf7 39. Rg2 Qh4 40. Qd6 Qxd4 41. Qd7+ Ne7 42. Bc3 Bxf3+ 43. Kxf3 Qxd7 44. Rg7+ Kf8 45. Ke2 Rxc3 0-1

[Event "WchT Seniors 50"]
[Site "Radebeul"]
[Date "2016.07.02"]
[Round "7.12"]
[White "Katz, Roland"]
[Black "Giulian Jackson, Rosemary"]
[Result "1/2-1/2"]
[WhiteElo "2057"]
[BlackElo "1864"]
[PlyCount "33"]
[EventDate "2016.06.26"]
[EventType "team-swiss"]
[EventRounds "9"]
[EventCountry "GER"]
[SourceTitle "CBM 173 Extra"]
[Source "ChessBase"]
[SourceDate "2016.08.29"]
[SourceVersion "1"]
[SourceVersionDate "2016.08.29"]
[SourceQuality "1"]
[WhiteTeam "Sachsen Anhalt"]
[BlackTeam "Scotland"]
[WhiteTeamCountry "GER"]
[BlackTeamCountry "SCO"]

1. e4 e6 2. d4 d5 3. exd5 exd5 4. c4 Nf6 5. Nc3 dxc4 6. Bxc4 c6 7. h3 Bd6 8. Nf3 0-0 9. 0-0 Bf5 10. Bg5 h6 11. Be3 Nbd7 12. Rc1 Nb6 13. Bb3 Nbd5 14. Nxd5 Nxd5 15. Bxd5 cxd5 16. Ne5 f6 17. Nf3 1/2-1/2

[Event "WchT Seniors 50"]
[Site "Radebeul"]
[Date "2016.06.27"]
[Round "2.3"]
[White "Giulian Jackson, Rosemary"]
[Black "Lauterbach, Ingrid"]
[Result "0-1"]
[WhiteElo "1864"]
[BlackElo "2107"]
[PlyCount "78"]
[EventDate "2016.06.26"]
[EventType "team-swiss"]
[EventRounds "9"]
[EventCountry "GER"]
[SourceTitle "CBM 173 Extra"]
[Source "ChessBase"]
[SourceDate "2016.08.29"]
[SourceVersion "1"]
[SourceVersionDate "2016.08.29"]
[SourceQuality "1"]
[WhiteTeam "Scotland"]
[BlackTeam "England II"]
[WhiteTeamCountry "SCO"]
[BlackTeamCountry "ENG"]

1. e4 b6 2. Nc3 Bb7 3. f4 e6 4. Nf3 Bb4 5. d3 d5 6. exd5 exd5 7. a3 Be7 8. d4 Nf6 9. Bd3 0-0 10. Ne2 Ne4 11. 0-0 c5 12. c3 Nc6 13. Ne5 Na5 14. b4 cxb4 15. cxb4 Nc6 16. Nxc6 Bxc6 17. b5 Bb7 18. a4 Bb4 19. Ba3 Bxa3 20. Rxa3 Qe7 21. Ra2 Rac8 22. Rc2 Qb4 23. f5 f6 24. Rxc8 Rxc8 25. Bb1 Nd2 26. Re1 Qb2 27. Bd3 Qb4 28. Bb1 Kf7 29. Kh1 Nxb1 30. Qxb1 Qxa4 31. Rc1 Rxc1+ 32. Qxc1 Qc4 33. Qd1 Qxb5 34. Nf4 Qc6 35. Qh5+ Kg8 36. g3 Bc8 37. Qg4 Qc1+ 38. Kg2 Qc2+ 39. Kh3 Bxf5 0-1

[Event "Ayr op"]
[Site "Ayr"]
[Date "2016.05.29"]
[Round "4"]
[White "Robinson, Stephen"]
[Black "Giulian Jackson, Rosemary"]
[Result "0-1"]
[WhiteElo "1844"]
[BlackElo "1864"]
[PlyCount "78"]
[EventDate "2016.05.27"]
[EventType "swiss"]
[EventRounds "5"]
[EventCountry "SCO"]
[SourceTitle "CBM 172 Extra"]
[Source "ChessBase"]
[SourceDate "2016.06.21"]
[SourceVersion "1"]
[SourceVersionDate "2016.06.21"]
[SourceQuality "1"]

1. d4 e6 2. Nf3 Nf6 3. Bg5 Be7 4. Nbd2 d5 5. e3 h6 6. Bh4 0-0 7. Bd3 Nbd7 8. Qe2 c5 9. c3 a6 10. h3 b5 11. e4 dxe4 12. Nxe4 c4 13. Bc2 Bb7 14. Nxf6+ Nxf6 15. Bg3 Bd6 16. Ne5 Bd5 17. 0-0 Qc7 18. f4 Qb7 19. Rae1 Rac8 20. a3 a5 21. Bh4 Be7 22. Bb1 b4 23. axb4 axb4 24. cxb4 Qxb4 25. g4 Qb3 26. Nf3 c3 27. Bxf6 Bxf6 28. Bc2 Qc4 29. Qd3 Qxd3 30. Bxd3 Bxf3 31. Rxf3 Bxd4+ 32. Kf1 cxb2 33. Bb1 Rc1 34. Rd3 Bf6 35. Red1 Rfc8 36. Ke2 Rxd1 37. Rxd1 Rc1 38. h4 Bxh4 39. g5 Rxd1 0-1